书目信息 |
| 题名: |
地籍调查与地籍测量学
|
|
| 作者: | 章书寿 , 孙在宏 编著 | |
| 分册: | ||
| 出版信息: | 北京 测绘出版社 2014.05 |
|
| 页数: | 224页 | |
| 开本: | 26cm | |
| 丛书名: | ||
| 单 册: | ||
| 中图分类: | P272 , P271 | |
| 科图分类: | ||
| 主题词: | 地籍调查--di ji diao cha--高等教育--教材 , 地籍测量--di ji ce liang--高等教育--教材 | |
| 电子资源: | ||
| ISBN: | 978-7-5030-3382-7 | |
| 000 | 01173nam0 2200313 450 | |
| 001 | 96195 | |
| 005 | 20250912132913.69 | |
| 010 | @a978-7-5030-3382-7@dCNY33.00 | |
| 100 | @a20141018d2014 em y0chiy50 ea | |
| 101 | 0 | @achi |
| 102 | @aCN@b110000 | |
| 105 | @aak a 000yy | |
| 106 | @ar | |
| 200 | 1 | @a地籍调查与地籍测量学@Adi ji diao cha yu di ji ce liang xue@d= Cadastral investigation and cadastral surveying@f章书寿, 孙在宏等编著@zeng |
| 205 | @a第2版 | |
| 210 | @a北京@c测绘出版社@d2014.05 | |
| 215 | @a224页@c图@d26cm | |
| 320 | @a有书目 | |
| 330 | @a全书共11章。前8章介绍的内容主要包括土地权属调查、控制测量、碎部测量与图测绘、变更地籍设计等, 第九、十两章介绍了地籍数据库与地籍信息系统建设、土地勘测定界, 最后1章为房产测量。 | |
| 333 | @a普通高等教育“十一五”规划教材 | |
| 510 | 1 | @aCadastral investigation and cadastral surveying@zeng |
| 606 | 0 | @a地籍调查@Adi ji diao cha@x高等教育@j教材 |
| 606 | 0 | @a地籍测量@Adi ji ce liang@x高等教育@j教材 |
| 690 | @aP272@v5 | |
| 690 | @aP271@v5 | |
| 701 | 0 | @a章书寿@Azhang shu shou@4编著 |
| 701 | 0 | @a孙在宏@Asun zai hong@4编著 |
| 801 | 0 | @aCN@c20250909 |
| 905 | @a河南城建学院图书馆@dP272@eZ266=2 | |
| 地籍调查与地籍测量学= Cadastral investigation and cadastral surveying/章书寿, 孙在宏等编著.-第2版.-北京:测绘出版社,2014.05 |
| 224页:图;26cm |
| 使用对象:普通高等教育“十一五”规划教材 |
| ISBN 978-7-5030-3382-7:CNY33.00 |
| 全书共11章。前8章介绍的内容主要包括土地权属调查、控制测量、碎部测量与图测绘、变更地籍设计等, 第九、十两章介绍了地籍数据库与地籍信息系统建设、土地勘测定界, 最后1章为房产测量。 |
| ● |
| 相关链接 |
|
|
|
正题名:地籍调查与地籍测量学
索取号:P272/Z266=2
 
预约/预借
| 序号 | 登录号 | 条形码 | 馆藏地/架位号 | 状态 | 备注 |
| 1 | 1630672 | 216306726 | 自科库401/401自科库 124排1列5层/ [索取号:P272/Z266=2] | 在馆 |